[Event "Stuttgart-chB int"]
[Site "Ditzingen"]
[Date "2012.05.18"]
[Round "3"]
[White "Thren, Christian"]
[Black "Gheng, Hannelore"]
[Result "1/2-1/2"]
[WhiteElo "1518"]
[BlackElo "1691"]
[PlyCount "91"]
[EventDate "2012.05.17"]
[EventType "swiss"]
[EventRounds "7"]
[EventCountry "GER"]
[SourceTitle "EXT 2018"]
[Source "ChessBase"]
[SourceDate "2017.10.13"]
[SourceVersion "1"]
[SourceVersionDate "2017.10.13"]
[SourceQuality "1"]

1. c4 Nf6 2. Nc3 g6 3. g3 Bg7 4. Bg2 c6 5. d4 0-0 6. Nf3 d5 7. cxd5 cxd5 8. 0-0 Nc6 9. Bf4 Nh5 10. Bg5 f6 11. Be3 e5 12. dxe5 Be6 13. exf6 Bxf6 14. Nd4 Nxd4 15. Bxd4 Qd7 16. Bxf6 Nxf6 17. Qd4 b6 18. Rfd1 Rad8 19. Rd2 Qf7 20. Rdd1 Ne4 21. Rf1 Nxc3 22. bxc3 Rc8 23. Rfd1 Rc4 24. Qe3 Qf6 25. Rd4 Rfc8 26. Bxd5 Bxd5 27. Rxd5 Rxc3 28. Qd4 Rc1+ 29. Rxc1 Rxc1+ 30. Kg2 Qc6 31. Qe4 Kg7 32. Re5 Qxe4+ 33. Rxe4 Kf6 34. f4 b5 35. a4 a6 36. axb5 axb5 37. Rb4 Rc2 38. Kf3 Rc5 39. g4 Ke6 40. e3 Kd5 41. f5 gxf5 42. gxf5 Kc6 43. e4 Kd6 44. Kf4 h6 45. e5+ Rxe5 46. f6 1/2-1/2